=LDR 00000nam 2200000 4500 =001 INLIS000000000036165 =005 20130612141951 =008 ***********************************Ind** =035 ##$$0010-061300000036165 =041 ##$$a Ind =082 ##$$a 028.5 =090 ##$$a 028.5, Bae a =100 ##$$a Baecker, S.R =245 ##$$a A promosing day = hari penuh janji, kisah tentang menempati janji, S.R Baeker ; alih bahasa, Rosi L Simamora =260 ##$$a 2010 $b Jakarta =300 ##$$a 33 hlm, ilus, 20 cm =650 ##$$a Bacaan kanak-kanak =850 ##$$a NBPNMAT =990 ##$$a 79397939 =990 ##$$a 21100421